<?xml version="1.0" encoding="UTF-8"?>
<collection xmlns="http://www.loc.gov/MARC21/slim">
 <record>
  <leader>05940cam a2200853   4500</leader>
  <controlfield tag="001">682544728</controlfield>
  <controlfield tag="003">DE-627</controlfield>
  <controlfield tag="005">20241205141021.0</controlfield>
  <controlfield tag="007">tu</controlfield>
  <controlfield tag="008">120111s2012    xxu||||| cc   00| ||eng c</controlfield>
  <datafield tag="020" ind1=" " ind2=" ">
   <subfield code="a">9780847838097</subfield>
   <subfield code="c">hbk.</subfield>
   <subfield code="9">978-0-8478-3809-7</subfield>
  </datafield>
  <datafield tag="020" ind1=" " ind2=" ">
   <subfield code="a">9780880390552</subfield>
   <subfield code="c">pbk.</subfield>
   <subfield code="9">978-0-88039-055-2</subfield>
  </datafield>
  <datafield tag="020" ind1=" " ind2=" ">
   <subfield code="z">9780847838097</subfield>
  </datafield>
  <datafield tag="024" ind1="3" ind2=" ">
   <subfield code="a">9780847838097</subfield>
  </datafield>
  <datafield tag="035" ind1=" " ind2=" ">
   <subfield code="a">(DE-627)682544728</subfield>
  </datafield>
  <datafield tag="035" ind1=" " ind2=" ">
   <subfield code="a">(DE-576)365712442</subfield>
  </datafield>
  <datafield tag="035" ind1=" " ind2=" ">
   <subfield code="a">(DE-599)HBZHT017088872</subfield>
  </datafield>
  <datafield tag="035" ind1=" " ind2=" ">
   <subfield code="a">(OCoLC)811123387</subfield>
  </datafield>
  <datafield tag="035" ind1=" " ind2=" ">
   <subfield code="a">(OCoLC)741540122</subfield>
  </datafield>
  <datafield tag="035" ind1=" " ind2=" ">
   <subfield code="a">(OCoLC)811123387</subfield>
  </datafield>
  <datafield tag="035" ind1=" " ind2=" ">
   <subfield code="a">(DE-605)HT017088872</subfield>
  </datafield>
  <datafield tag="040" ind1=" " ind2=" ">
   <subfield code="a">DE-627</subfield>
   <subfield code="b">ger</subfield>
   <subfield code="c">DE-627</subfield>
   <subfield code="e">rakwb</subfield>
  </datafield>
  <datafield tag="041" ind1=" " ind2=" ">
   <subfield code="a">eng</subfield>
  </datafield>
  <datafield tag="044" ind1=" " ind2=" ">
   <subfield code="c">XD-US</subfield>
  </datafield>
  <datafield tag="050" ind1=" " ind2="0">
   <subfield code="a">NK775</subfield>
  </datafield>
  <datafield tag="082" ind1="0" ind2=" ">
   <subfield code="a">745.09034</subfield>
   <subfield code="q">OCLC</subfield>
  </datafield>
  <datafield tag="084" ind1=" " ind2=" ">
   <subfield code="a">9,10</subfield>
   <subfield code="2">ssgn</subfield>
  </datafield>
  <datafield tag="084" ind1=" " ind2=" ">
   <subfield code="a">LH 39930</subfield>
   <subfield code="q">DE-24/20sred</subfield>
   <subfield code="2">rvk</subfield>
   <subfield code="0">(DE-625)rvk/93362:</subfield>
  </datafield>
  <datafield tag="084" ind1=" " ind2=" ">
   <subfield code="a">02.14</subfield>
   <subfield code="2">bkl</subfield>
  </datafield>
  <datafield tag="084" ind1=" " ind2=" ">
   <subfield code="a">21.82</subfield>
   <subfield code="2">bkl</subfield>
  </datafield>
  <datafield tag="084" ind1=" " ind2=" ">
   <subfield code="a">21.81</subfield>
   <subfield code="2">bkl</subfield>
  </datafield>
  <datafield tag="245" ind1="1" ind2="0">
   <subfield code="a">Inventing the modern world</subfield>
   <subfield code="b">decorative arts at the world's fairs, 1851 - 1939 ; [...on the occasion of the Exhibition Inventing the Modern World: Decorative Arts at the World's Fairs, 1851 - 1939 ... The Nelson-Atkins Museum of Art, Kansas City April 14 - August 19, 2012, Carnegie Museum of Art, Pittsburgh October 13, 2012 - February 24, 2013, New Orleans Museum of Art April 12 - August 4, 2013 ...]</subfield>
   <subfield code="c">Jason T. Busch and Catherine L. Futter. With contributions by Regina Lee Blaszczyk ... Carnegie Museum of Art; The Nelson-Atkins Museum of Art</subfield>
  </datafield>
  <datafield tag="264" ind1=" " ind2="1">
   <subfield code="a">New York, NY</subfield>
   <subfield code="b">Skira Rizzoli</subfield>
   <subfield code="c">2012</subfield>
  </datafield>
  <datafield tag="300" ind1=" " ind2=" ">
   <subfield code="a">303 S</subfield>
   <subfield code="b">zahlr. Ill</subfield>
   <subfield code="c">31 cm</subfield>
  </datafield>
  <datafield tag="336" ind1=" " ind2=" ">
   <subfield code="a">Text</subfield>
   <subfield code="b">txt</subfield>
   <subfield code="2">rdacontent</subfield>
  </datafield>
  <datafield tag="336" ind1=" " ind2=" ">
   <subfield code="a">unbewegtes Bild</subfield>
   <subfield code="b">sti</subfield>
   <subfield code="2">rdacontent</subfield>
  </datafield>
  <datafield tag="337" ind1=" " ind2=" ">
   <subfield code="a">ohne Hilfsmittel zu benutzen</subfield>
   <subfield code="b">n</subfield>
   <subfield code="2">rdamedia</subfield>
  </datafield>
  <datafield tag="338" ind1=" " ind2=" ">
   <subfield code="a">Band</subfield>
   <subfield code="b">nc</subfield>
   <subfield code="2">rdacarrier</subfield>
  </datafield>
  <datafield tag="500" ind1=" " ind2=" ">
   <subfield code="a">Includes bibliographical references (p. 271-283) and index</subfield>
  </datafield>
  <datafield tag="520" ind1=" " ind2=" ">
   <subfield code="a">From progress to modernity: invention and innovation at the World's Fairs Regina Lee Blaszczyk -- Manufacturers at the World's Fairs: the model of 1851 Martin P. Levy -- &quot;Modern Renaissance&quot;: revival and progression in decorative arts at the World's Fairs Jason T. Busch -- J. &amp; L. Lobmeyr: a case study of glass at the World's Fairs Jane Shadel Spillman -- &quot;The federation of mankind&quot;: cross-cultural influences in decorative arts at the World's Fairs Catherine L. Futter -- &quot;All the ages of the world&quot;: inspiration and innovation from Tiffany &amp; Co. at the World's Fairs Annamarie V. Sandecki -- Kings, peasants, dragons and flowers: national symbolism in decorative arts at the World's Fairs Ethan Robey -- Modernity revealed: the World's Fairs from 1900 to 1925 Stephen Harrison -- Style through science: modern industrial design and the World's Fairs of the 1930s Kevin W. Tucker -- Exhibiting firms, designers and artists Karin A. Jones and Dawn Reid</subfield>
  </datafield>
  <datafield tag="520" ind1=" " ind2=" ">
   <subfield code="a">&quot;Inventing the Modern World explores innovation and its effect on the creation of objects and modern life. Objects examined here not only illustrate inventive or revived fabrication techniques, but also embody cross-cultural and cross-national influences, and reflect the significant nationalistic objectives and folkloric customs that shaped the competition inherent in the events. They also illuminate how the fairs became places where designers, makers, and consumers assembled to learn about other peoples and cultures, to make discoveries about craftsmanship and manufactures, to appropriate ideas, and to acquire works&quot;--Cover flap</subfield>
  </datafield>
  <datafield tag="583" ind1="1" ind2=" ">
   <subfield code="a">Archivierung/Langzeitarchivierung gewährleistet</subfield>
   <subfield code="f">SSG</subfield>
   <subfield code="x">XA-DE-BW</subfield>
   <subfield code="2">pdager</subfield>
   <subfield code="5">DE-16</subfield>
  </datafield>
  <datafield tag="650" ind1=" " ind2="0">
   <subfield code="a">Decorative arts</subfield>
   <subfield code="x">Exhibitions</subfield>
   <subfield code="x">History</subfield>
   <subfield code="x">19th century</subfield>
  </datafield>
  <datafield tag="650" ind1=" " ind2="0">
   <subfield code="a">Decorative arts</subfield>
   <subfield code="x">Exhibitions</subfield>
   <subfield code="x">History</subfield>
   <subfield code="x">20th century</subfield>
  </datafield>
  <datafield tag="650" ind1=" " ind2="0">
   <subfield code="a">Exhibitions</subfield>
   <subfield code="x">History</subfield>
   <subfield code="x">19th century</subfield>
  </datafield>
  <datafield tag="650" ind1=" " ind2="0">
   <subfield code="a">Exhibitions</subfield>
   <subfield code="x">History</subfield>
   <subfield code="x">20th century</subfield>
  </datafield>
  <datafield tag="650" ind1=" " ind2="0">
   <subfield code="a">Trade shows</subfield>
   <subfield code="x">History</subfield>
   <subfield code="x">19th century</subfield>
  </datafield>
  <datafield tag="650" ind1=" " ind2="0">
   <subfield code="a">Trade shows</subfield>
   <subfield code="x">History</subfield>
   <subfield code="x">20th century</subfield>
  </datafield>
  <datafield tag="655" ind1=" " ind2="7">
   <subfield code="a">Ausstellungskatalog</subfield>
   <subfield code="y">2012</subfield>
   <subfield code="z">Kansas City, Mo.</subfield>
   <subfield code="0">(DE-588)4135467-9</subfield>
   <subfield code="0">(DE-627)10566491X</subfield>
   <subfield code="0">(DE-576)209660988</subfield>
   <subfield code="2">gnd-content</subfield>
  </datafield>
  <datafield tag="655" ind1=" " ind2="7">
   <subfield code="a">Ausstellungskatalog</subfield>
   <subfield code="y">2012</subfield>
   <subfield code="z">Pittsburgh, Pa.</subfield>
   <subfield code="0">(DE-588)4135467-9</subfield>
   <subfield code="0">(DE-627)10566491X</subfield>
   <subfield code="0">(DE-576)209660988</subfield>
   <subfield code="2">gnd-content</subfield>
  </datafield>
  <datafield tag="689" ind1="0" ind2="0">
   <subfield code="d">f</subfield>
   <subfield code="0">(DE-588)4189573-3</subfield>
   <subfield code="0">(DE-627)104773588</subfield>
   <subfield code="0">(DE-576)210060735</subfield>
   <subfield code="a">Weltausstellung</subfield>
   <subfield code="2">gnd</subfield>
  </datafield>
  <datafield tag="689" ind1="0" ind2="1">
   <subfield code="d">s</subfield>
   <subfield code="0">(DE-588)4073883-8</subfield>
   <subfield code="0">(DE-627)104476257</subfield>
   <subfield code="0">(DE-576)209191740</subfield>
   <subfield code="a">Kunsthandwerk</subfield>
   <subfield code="2">gnd</subfield>
  </datafield>
  <datafield tag="689" ind1="0" ind2="2">
   <subfield code="d">s</subfield>
   <subfield code="0">(DE-588)4072788-9</subfield>
   <subfield code="0">(DE-627)10609422X</subfield>
   <subfield code="0">(DE-576)209188197</subfield>
   <subfield code="a">Industriedesign</subfield>
   <subfield code="2">gnd</subfield>
  </datafield>
  <datafield tag="689" ind1="0" ind2="3">
   <subfield code="a">z</subfield>
   <subfield code="2">gnd</subfield>
   <subfield code="a">Geschichte 1851-1939</subfield>
  </datafield>
  <datafield tag="689" ind1="0" ind2=" ">
   <subfield code="5">(DE-627)</subfield>
  </datafield>
  <datafield tag="700" ind1="1" ind2=" ">
   <subfield code="a">Busch, Jason T.</subfield>
   <subfield code="0">(DE-588)1022638068</subfield>
   <subfield code="0">(DE-627)717017877</subfield>
   <subfield code="0">(DE-576)365711810</subfield>
   <subfield code="4">oth</subfield>
  </datafield>
  <datafield tag="700" ind1="1" ind2=" ">
   <subfield code="a">Futter, Catherine L.</subfield>
   <subfield code="0">(DE-588)1022637983</subfield>
   <subfield code="0">(DE-627)717017850</subfield>
   <subfield code="0">(DE-576)365711837</subfield>
   <subfield code="4">oth</subfield>
  </datafield>
  <datafield tag="700" ind1="1" ind2=" ">
   <subfield code="a">Blaszczyk, Regina Lee</subfield>
   <subfield code="0">(DE-588)132219069</subfield>
   <subfield code="0">(DE-627)519242297</subfield>
   <subfield code="0">(DE-576)299012492</subfield>
   <subfield code="4">oth</subfield>
  </datafield>
  <datafield tag="710" ind1="2" ind2=" ">
   <subfield code="a">Carnegie Museum of Art</subfield>
   <subfield code="0">(DE-588)1034015-4</subfield>
   <subfield code="0">(DE-627)103811664</subfield>
   <subfield code="0">(DE-576)191346365</subfield>
   <subfield code="4">oth</subfield>
  </datafield>
  <datafield tag="710" ind1="2" ind2=" ">
   <subfield code="a">New Orleans Museum of Art</subfield>
   <subfield code="0">(DE-588)1092217-9</subfield>
   <subfield code="0">(DE-627)100704913</subfield>
   <subfield code="0">(DE-576)19156043X</subfield>
   <subfield code="4">oth</subfield>
  </datafield>
  <datafield tag="710" ind1="2" ind2=" ">
   <subfield code="a">Nelson-Atkins Museum of Art</subfield>
   <subfield code="0">(DE-588)4227196-4</subfield>
   <subfield code="0">(DE-627)104965657</subfield>
   <subfield code="0">(DE-576)210320508</subfield>
   <subfield code="4">oth</subfield>
  </datafield>
  <datafield tag="787" ind1="0" ind2="8">
   <subfield code="i">Rezensiert in</subfield>
   <subfield code="a">Whitmore, Janet</subfield>
   <subfield code="t">Inventing the modern world</subfield>
   <subfield code="d">2013</subfield>
   <subfield code="w">(DE-627)1761366823</subfield>
  </datafield>
  <datafield tag="935" ind1=" " ind2=" ">
   <subfield code="i">Blocktest</subfield>
  </datafield>
  <datafield tag="936" ind1="r" ind2="v">
   <subfield code="a">LH 39930</subfield>
   <subfield code="b">Schrifttum über Ausstellungen allgemein</subfield>
   <subfield code="k">Kunstgeschichte</subfield>
   <subfield code="k">Allgemeines. Allgemeine Kunstgeschichte</subfield>
   <subfield code="k">Ausstellungswesen, Ausstellungskataloge</subfield>
   <subfield code="k">Schrifttum über Ausstellungen allgemein</subfield>
   <subfield code="0">(DE-627)1270636138</subfield>
   <subfield code="0">(DE-625)rvk/93362:</subfield>
   <subfield code="0">(DE-576)200636138</subfield>
  </datafield>
  <datafield tag="936" ind1="b" ind2="k">
   <subfield code="a">02.14</subfield>
   <subfield code="j">Organisation von Wissenschaft und Kultur</subfield>
   <subfield code="0">(DE-627)106403281</subfield>
  </datafield>
  <datafield tag="936" ind1="b" ind2="k">
   <subfield code="a">21.82</subfield>
   <subfield code="j">Industriedesign</subfield>
   <subfield code="0">(DE-627)106421298</subfield>
  </datafield>
  <datafield tag="936" ind1="b" ind2="k">
   <subfield code="a">21.81</subfield>
   <subfield code="j">Geschichte des Kunsthandwerks und Kunstgewerbes</subfield>
   <subfield code="0">(DE-627)106422073</subfield>
  </datafield>
  <datafield tag="951" ind1=" " ind2=" ">
   <subfield code="a">BO</subfield>
  </datafield>
  <datafield tag="990" ind1=" " ind2=" ">
   <subfield code="a">Weltausstellung</subfield>
  </datafield>
  <datafield tag="990" ind1=" " ind2=" ">
   <subfield code="a">Kunsthandwerk</subfield>
  </datafield>
  <datafield tag="990" ind1=" " ind2=" ">
   <subfield code="a">Industriedesign</subfield>
  </datafield>
  <datafield tag="990" ind1=" " ind2=" ">
   <subfield code="a">Geschichte 1851-1939</subfield>
  </datafield>
  <datafield tag="991" ind1=" " ind2=" ">
   <subfield code="a">Rezensiertes Werk</subfield>
  </datafield>
  <datafield tag="999" ind1=" " ind2=" ">
   <subfield code="a">KXP-PPN682544728</subfield>
   <subfield code="e">4635352188</subfield>
  </datafield>
 </record>
</collection>
